000 00793nam a22002777a 4500
003 CHAP
005 20220329140214.0
008 971013s1976 r 00010 d
010 _a48526
011 _a49498
035 _a53647
040 _cCHAP
090 _aFolleto 4673
110 _aFAO. Oficina Regional para América Latina
_939639
245 _aMercadeo de ganados y carnes en América Latina
260 _aSantiago :
_bFAO,
_c1976
300 _a9 p.
590 _aBATCH-UPD
_b10
_c20130110
_lUCH01
_h2137
590 _aCONVERSION
_b10
_c20130109
_lUCH01
_h1326
650 1 4 _aCarne
_xMercadeo.
_919090
650 1 4 _aGanado
_xMercadeo.
_944928
700 0 _aCastro R. Leandro.
_920412
901 _aBK
942 _cFOLL
949 _aFolleto 4673
_bBC
_cFAO
_d-118835
_eFAO1
_i53647
_si
999 _c48526
_d48526